Регионална библиотека "Любен Каравелов" - Русе

Записки по гражданско право (Запис номер 14316)

MARC детайли
000 -Лидер
Контролно поле с фиксирана дължина 01274nam a2200325 c 4500
003 - Код на организацията, давaща контролен номер
Контролно поле BLK
005 - Дата и час на последна редакция
Контролно поле 20180420214935.0
008 - Елементи от данни с фиксирана дължина
fixed length control field 180412b bul|||||r ||||||| ||bul||
010 ## - Наследен системен номер
LC control number KNG00016024000
040 ## - Източник на каталожния запис
Идентификатор на билиотеката - собственик на записа BLK
041 ## - Код за език
Код за езика на текст/звукозапис или на отделно заглавие Български
Код за езика КДБФ Български
080 ## - УДК
Текстов определител УДК Обща част
УДК код - определител по УДК 347.1
УДК определител (497.2)(075.8)
УДК - код + определител 347.1(497.2)(075.8)
100 1# - Редна дума - Автор
Автор Патронов, Руси Георгиев
Авторска отговорност първи автор
R(LIN) 259168
139 ## - Редно поле
Редна дума Патронов, Руси Георгиев
Авторски знак Пат - П 28
245 10 - Сведения за заглавието
Заглавие Записки по гражданско право
Подзаглавни данни Пълен курс обща част : По конспект : За студентите от СУ Климент Охридски
Редно поле (дума) Руси Георгиев Патронов.
257 ## - Страна на издаване
Страна на създаване/издаване България
260 ## - Област на издателските данни
-- София
Име на издателя, разпространителя и проч. Изд. авт.
Година на издаване 1996
300 ## - Физическа характеристика
Страници 295 с.
Размери/Мащаб 23 см
380 ## - Жанр
Жанр Обществени науки
500 ## - Общи забележки
Забележка Деп. списък: 4 ; 500 тир
650 #4 - Допълнително описание по предмет – тема
Основно описание – тема или топоним Гражданско право - България - учебници за ВУЗ
9 (RLIN) 253051
653 ## - Ключова дума – ненормативна
Ключова дума записки
653 ## - Ключова дума – ненормативна
Ключова дума гражданско право
653 ## - Ключова дума – ненормативна
Ключова дума учебници за ВУЗ
852 ## - Местоположение
Форматна сигнатура Цб 190725
856 4# - Електронен адрес и достъп
Електронен формат pdf - файл
Път до файла /url/
856 4# - Електронен адрес и достъп
Електронен формат pdf - файл
Път до файла /url/
942 ## - АРТИКУЛИ
Вид на библиотечния материал Книги
Скрит в OPAC Не
944 ## - СЪЗДАВАНЕ И РЕДАКЦИЯ на ЗАПИСА
Създаване/Редакция Създаване
Дата на регистрацията/редакция 15.01.2003
Служител, извършил регистрацията/редакцията Геновева_Генчева
944 ## - СЪЗДАВАНЕ И РЕДАКЦИЯ на ЗАПИСА
Създаване/Редакция Редакция
Дата на регистрацията/редакция 15.01.2007
Служител, извършил регистрацията/редакцията
999 ## - СИСТЕМНИ КОНТРОЛНИ НОМЕРА
Koha biblionumber 14316
Koha biblioitemnumber 14316
Наличности
Код за отписване Код за изгубен артикул Източник на класификационната схема Код за повреда Коз за рестрикции Код за отдаване Артикулен № Име на библиотеката - собственик Име на библиотеката, в която се намира в момента Статус (Текущо местоположение) Дата на вписване в системата Местоположение - отдел Цена в лева Инвентарен номер Систематично азбучна сигнатура Баркод Номер на екземпляра Цена в евро Служебен тип на артикула Служебна бележка
  Не е изгубен Universal Decimal Classification Не е повреден без рестрикции ползва се в читалня 24522 Регионална библиотека "Любен Каравелов" Русе Регионална библиотека "Любен Каравелов" Русе Хранилище 2001-01-01 Хранилище 0.00 629262 Цб 190725 120000629262 1 0.00 Книги  
Изтеглен Не е изгубен Universal Decimal Classification Не е повреден без рестрикции заемане за дома 24523 Регионална библиотека "Любен Каравелов" Русе Регионална библиотека "Любен Каравелов" Русе Заемна - подръчен фонд 2001-01-01 Заемна - подръчен фонд 4.50 627506 П 347/П 28 627506 2 2.30 Книги Дата инв: 05.02.2018 Бележки инв: П2018
Изтеглен Не е изгубен Universal Decimal Classification Не е повреден без рестрикции заемане за дома 24524 Регионална библиотека "Любен Каравелов" Русе Регионална библиотека "Любен Каравелов" Русе Заемна - подръчен фонд 2001-01-01 Заемна - подръчен фонд 4.50 627507 П 347/П 28 627507 3 2.30 Книги  
Vip Innovations Ltd, Rousse, Bulgaria 2025